| 000 | 01271nam2a22002891 4500 | ||
|---|---|---|---|
| 001 | v19\rc\1810025 | ||
| 005 | 20260406011526.0 | ||
| 035 | _a(NLR Aleph) 005253432 | ||
| 090 |
_a5827696 _c5827696 |
||
| 100 | _a20071224d1906 |||y0rusy50 ca | ||
| 101 | 0 | _arus | |
| 102 | _aRU | ||
| 105 | _aa z ||||| | ||
| 200 | 1 |
_aПопулярная медицина _fСост. д-р Е.Ю. Сегалов _gПод ред. прив.-доц. Моск. ун-та П.М. Ревидцова. Ч. 1- |
|
| 210 |
_d1906 _aБ. м. |
||
| 215 |
_a[2], V, 242, III с. _cил. |
||
| 461 | 0 |
_1001v19\rc\1810024 _12001#$aПрактическая энциклопедия$eТ. 1$vТ. 1 _95403187 _cМосква _d1906-1907 _nПольза _oТ. 1 _tПрактическая энциклопедия _vТ. 1 |
|
| 700 | 1 |
_4220 _8rus _7ca _aСегалов _bЕ. Ю. _f1872- _gЕфим Юрьевич _3RU\NLR\AUTH\77117011 _999936 |
|
| 702 | 1 |
_4340 _8rus _7ca _aРевидцов _bП. М. _f1884-1926 _gПетр Моисеевич _3RU\NLR\AUTH\77114370 _997295 |
|
| 801 | 0 |
_aRU _bNLR _c20071224 _gpsbo |
|
| 801 | 0 |
_aRU _bRuMoRGB _c20071224 _2psbo |
|
| 801 | 1 |
_aRU _bProSoft-M _c20071224 _2rusmarc |
|
| 801 | 2 |
_aRU _bNLR _c20121112 _2rusmarc |
|
| 852 |
_aNLR _j115/569(1) |
||
| 852 |
_aNLR _j37.10.3.8 |
||
| 942 | _cBOOK | ||
| 980 | _aNB | ||